| 000 | 00881nam a2200217 i 4500 | ||
|---|---|---|---|
| 001 | 79861 | ||
| 003 | ES-MaACL | ||
| 005 | 20230906174052.0 | ||
| 007 | t| | ||
| 008 | 041025s1949 ag ||||1| spa d | ||
| 100 | 1 |
_aHerrmann, Frederich. _963372 |
|
| 245 | 1 | 0 |
_aContabilidad científica superior, comercial e industrial _b: su interrelación con todas las ciencias puras ; traducción directa del portugués de Bernardino J. Rodríguez Casal. |
| 250 | _a1ª ed. argentina. | ||
| 260 |
_aBuenos Aires : _b[s.n.], _c1949 ( _fMacagno y Landa) |
||
| 300 |
_a339 p. ; _c23 cm. |
||
| 490 | 1 | _aEnciclopedia de organización y administración comercial e industrial | |
| 700 | 1 |
_aRodríguez Casal, Bernardino J. _998412 |
|
| 830 | 0 |
_aEnciclopedia de organización y administración comercial e industrial _9231463 |
|
| 852 |
_aES-MaACL _jC-11497 _bR.39615 |
||
| 999 |
_c79861 _d79861 |
||